000 00637nam a2200205Ia 4500
001 18995
003 GE_BSU
008 181216s||||||||xx |||||||||||||| ||und||
040 _cGE_BSU
245 _aВопросы экономики №4,2016
245 _cРед,кол:О.И.Ананьин,Р.С.Гриберг, и др
260 _aМосква
260 _bвсероссийское экономическое издание
260 _c2016
300 _a160стр,26см
653 _aВопросы экономики №4,2016
653 _aПериодика
653 _aპერიოდიკა
942 _cCR
999 _c51992
_d51992